Normale Ansicht MARC-Ansicht ISBD

Zukunft des Hauses ungewiss (Titelsatznr. 374161)

[ MARC ]
MARC-Details
000 -Satzkennung
Kontrollfeld mit fester Länge 00653nab a2200193 4500
001 - Kontrollnummer
Kontrollfeld 244442
003 - Kontrollnummer Identifier
Kontrollfeld OSt
005 - Datum und Zeit der letzten Transaktion
Kontrollfeld 20260107125450.0
007 - Feld mit fester Länge zur physischen Beschreibung - Allgemeine Information
Kontrollfeld mit fester Länge tu
008 - Feld mit fester Länge zur physischen Beschreibung - Allgemeine Angaben
Kontrollfeld mit fester Länge 260107s2020|||||||
040 ## - Katalogisierungsquelle
Original-Katalogisierungsstelle DE-2950
Übertragungsstelle DE-2950
245 00 - Titel
Titel Zukunft des Hauses ungewiss
Zusatz zum Titel Immobilie. Die Caritas ist innerhalb der Leipziger Straße umgezogen. Das alte Gebäude steht leer. Noch ist offen, ob es zu Sanierung, Verkauf oder Vermietung kommt/
Verfasserangabe etc. Nicole Buhlau
264 ## - Produktion, Veröffentlichung, Distribution, Herstellung und Urheberrechtsvermerk
Datum der Herstellung, der Veröffentlichung, des Vertriebs oder des Urheberschutzvermerks 2025
653 ## - Indexierungsterm - Nicht normiert
Nicht-normierter Term Frankfurt (Oder)
653 ## - Indexierungsterm - Nicht normiert
Nicht-normierter Term Caritas
653 ## - Indexierungsterm - Nicht normiert
Nicht-normierter Term Immobilie
773 0# - Übergeordnete Einheit
Verknüpfungsangaben 36. Jahrgang (2025) Nr. 288 vom 11.12.2025, S. 15 mit Foto
Titel Märkische Oderzeitung
942 ## - Zusätzliche Felder (Koha)
Klassifikation oder Aufstellungssystematik Andere/Generische Klassifikation
Koha-Medientyp Aufsätze

Keine Exemplare verfügbar.